00668nam a2200205 a 450000100100000000500170001000800410002702000150006804000250008308200210010810000320012924500540016125000100021526000400022530000200026549000170028583000240030295201190032699900170044500003640120200930075719.0120117s1983 sp a 000 0 spa d a847095007x aDO-SdBNPbspacBNPHU axxxbG323v, 19831 aGemz Claire, Herbert96260913aLa vida oculta del cuadro /cHerbert Gemz Claire. a3a ed aBarcelona, España :bLEDA,c1983. a47 p. ;c24 cm.1 aComo se hace 0aComo se hace962610 001050718MOaGRbGRcCTd2012-01-17iLF1l0oxxx G323v, 1983p36402-10r2020-06-25w2020-06-25y1ZNo se presta c35892d35892